000 00728cam a22001814a 4500
005 20250605164402.0
008 250528s ||||||||||||||||||||||||d
035 _a24657
040 _aGR-AtMCL
_bgre
_dGR-AtMCL
_eAACR2
245 1 _a42 Χρόνια Ευρωπαϊκή Πίστη
260 _bMorax Media S.A,
_c2019
300 _a68
520 _aΣυνέντευξη με μία Ερώτηση, Είμαστε Έτοιμοι για Στρατηγικές Κινήσεις, Χρονιά Υωηλής Ανάπτυξης το 2019, 26 Στελέχη Μιλούν για την Εταιρεία.
700 1 _aΜωράκης Φίλιππος
_99500
942 _cCR
999 _c9524
_d9524